00520nam a22001457a 450000500170000002000230001703500120004010000300005224500650008226000440014730000230019194200240021499900170023895201190025520120206140837.0 a8120317955c495.00 aB-41341 aHalvorson, Michael940920 aLearn Microsoft visual basic 6.0 now /cby Michael Halvorson aNew DelhibPrentice-Hall of Indiac2001 axi, 536p.c22 cms. 2ddccENh005.1mHAL c62041d62041 001040708NFICaZLSbZLSd2012-02-06g495.00l0o005.1 HALpB-41341r2012-02-06 00:00:00v495.00w2012-02-06yEN